1483 1757 1983 1276 1141 1262 1075 1480 1368 1125 1215 1385 1151 1805 1478 1717 1978 1862 1860 1069 1987 1147 1368 1787 1656 1114 1213 1202 1373 1620 1804 1813 1810 1741 1813 1672 1142 1861 1447 1248 1559 1974 1863 1136 1182 1087 1093 1768 1576 1573 1320 1187 1063 1974 1695 1613 1586 1026 1763 1684 1921 1932 1672 1917 1208 1636 1734 1991 1871 1308 1187 1820 1508 1221 1010 1215 1677 1945 1846 1596 1351 1582 1054 1883 1537 1491 1112 1496 1157 1892 1622 1098 1254 1648 1904 1154 1476 1339 1309 BCNSPRNW ULIB Ver.6.0+V

เปลี่ยนเป็นภาษาไทย

Change to English
 แสดงรายละเอียดบรรณานุกรม
  กลับหน้าหลัก

Brief Record : Get Marc (ISO 2709) : E-mail record : QR code < ปิดหน้าต่าง
LEADER : 00000nam 2200000uu 4500
001    13399128293
003     ULIB
008    230529s2564||||th 000 0 tha d
020    ^a9786164436114
060 04 ^aWJ752^bต367
245 00 ^aตำราการผ่าตัดและการรักษาโรคมะเร็งต่อมลูกหมาก =^bTextbook ofsurgical managemenent and intervention in prostate cancer/^cวิสูตร คงเจริญสมบัติ, บรรณาธิการ
246 31 ^aTextbook of surgical managemenent and intervention inprostate cancer
250    ^aพิมพ์ครั้งที่ 1
260    ^aกรุงเทพฯ :^bโครงการตำรารามาธิบดีคณะแพทยศาสตร์โรงพยาบาลรามาธิบดี มหาวิทยาลัยมหิดล,^c2564
300    ^axxii, 513 หน้า :^bภาพประกอบ ;^c27 ซม.
650  4 ^aต่อมลูกหมาก^xการรักษา
650  4 ^aต่อมลูกหมากโต^xมะเร็ง
650  4 ^aต่อมลูกหมาก, โรค
710 2  ^aมหาวิทยาลัยมหิดล.^bคณะแพทยศาสตร์โรงพยาบาลรามาธิบดี.^bโครงการตำรารามาธิบดี
945    ^p990^l0^i009434
945    ^p990^l0^i009435
945    ^p990^l0^i009436
999    ^aประนอม เกษจรัล
รายการนี้ยังไม่มีแท็ก
คุณยังไม่ได้ล็อกอิน คุณสามารถมีกิจกรรมร่วมกับเว็บไซต์ได้ แต่ต้องล็อกอินก่อน ::
  ล็อกอิน

รายการสื่อสารสนเทศ

ลำดับที่ ประเภท เลขเรียก/บาร์โค้ด สถานที่ สถานะ
1. วิทยาศาสตร์การแพทย์ และสุขภาพ
หนังสือสำรอง
สถานะ=หนังสือสำรอง
WJ752 ต367 ฉ.1 
  Barcode: 009434
ห้องสมุดวิทยาเขตสวรรค์ประชารักษ์
►หนังสือทั่วไป
บนชั้น
2. วิทยาศาสตร์การแพทย์ และสุขภาพ
วิทยาศาสตร์การแพทย์ และสุขภาพ
WJ752 ต367 ฉ.2 
  Barcode: 009435
ห้องสมุดวิทยาเขตสวรรค์ประชารักษ์
►หนังสือทั่วไป
บนชั้น
3. วิทยาศาสตร์การแพทย์ และสุขภาพ
วิทยาศาสตร์การแพทย์ และสุขภาพ
WJ752 ต367 ฉ.3 
  Barcode: 009436
ห้องสมุดวิทยาเขตสวรรค์ประชารักษ์
►หนังสือทั่วไป
บนชั้น

รายการใกล้เคียง
    หัวเรื่อง [ต่อมลูกหมาก, โรค]

BibComment


ยังไม่เคยถูกคอมเมนท์

คอมเมนท์ทรัพยากรรายการนี้
  คอมเมนท์: ตำราการผ่าตัดและ..


 Copyright 2026. Bcnsprnw @Library